LEADER 01112nlm0 22003371i 450 001 990009817800403321 005 20140131130050.0 010 $a9783527632459$bonline 035 $a000981780 035 $aFED01000981780 035 $a(Aleph)000981780FED01 035 $a000981780 100 $a20140131d2010----km-y0itay0103----ba 101 0 $aeng 135 $adrnn-008mamaa 200 1 $aFabrication of nanostructures by plasma electrolysis$bRisorsa elettronica$fMahmood Aliofkhazraei, Alireza Sabour Rouhaghdam 210 $aWeinheim$cWiley-VCH$d2010 230 $aDocumento elettronico 336 $aTesto 337 $aFormato pdf 676 $a670 700 1$aAliofkhazraei,$bMahmood$0522029 701 1$aRouhaghdam,$bAlireza Sabour$0522030 801 0$aIT$bUNINA$gREICAT$2UNIMARC 856 4 $zFull text per gli utenti Federico II$uhttp://onlinelibrary.wiley.com/book/10.1002/9783527632459 901 $aEB 912 $a990009817800403321 961 $aPlasma engineering 961 $aNanostructures 996 $aFabrication of nanostructures by plasma electrolysis$9835146 997 $aUNINA LEADER 01265nam--2200373---450- 001 990003017480203316 005 20071120112440.0 035 $a000301748 035 $aUSA01000301748 035 $a(ALEPH)000301748USA01 035 $a000301748 100 $a20071120d1982----km-y0itay50------ba 101 $aita 102 $aIT 105 $a||||||||001yy 200 1 $a<> attentato agli impianti e il delitto di riciclaggio$eartt. 1 e 3 D.L. 21 marzo 1978 n. 59, convertito con modificazioni nella L. 18 maggio 1978 n. 191$fAndrea Antonio Dalia$gintroduzione e appendice a cura di G. Conso 210 $aMilano$cGiuffrè$d1982 215 $a131 p.$d24 cm 225 2 $aLa legislazione dell'emergenza$v1 410 0$12001$aLa legislazione dell'emergenza 454 1$12001 461 1$1001-------$12001 606 0 $aAttentato a impianti di pubblica utilità 676 $a364.14 700 1$aDALIA,$bAndrea Antonio$0226815 702 1$aCONSO,$bG. 801 0$aIT$bsalbc$gISBD 912 $a990003017480203316 951 $a364.14 DAL$b1178 DITESI (sez. 2 n. 360) 959 $aBK 969 $aDITESI 979 $aDITESI$b10$c20071120$lUSA01$h1124 996 $aAttentato agli impianti e il delitto di riciclaggio$91024969 997 $aUNISA LEADER 01623oam 2200469I 450 001 9910798582503321 005 20170126083936.0 010 $a1-317-17926-9 010 $a1-317-17925-0 010 $a1-315-56769-5 024 7 $a10.4324/9781315567693 035 $a(CKB)3710000000738683 035 $a(MiAaPQ)EBC4560487 035 $a(OCoLC)951975089 035 $a(EXLCZ)993710000000738683 100 $a20180706e20162016 uy 0 101 0 $aeng 135 $aurcnu|||||||| 181 $2rdacontent 182 $2rdamedia 183 $2rdacarrier 200 00$aArchitecture and the unconscious /$fedited by John Shannon Hendrix and Lorens Eyan Holm 210 1$aLondon ;$aNew York :$cRoutledge,$d2016. 215 $a1 online resource (292 pages) $cillustrations 300 $aFirst published 2016 by Ashgate Publishing. 311 $a1-4724-5647-5 320 $aIncludes bibliographical references and index. 327 $apt. 1. Historical paradigms for architecture and the unconscious -- pt. 2. The unconscious as a discourse for architecture of the city -- pt. 3. Fantasies, desires, diagnoses -- pt. 4. Case study : Maison De Verre. 606 $aArchitecture$xPsychological aspects 606 $aSubconsciousness 615 0$aArchitecture$xPsychological aspects. 615 0$aSubconsciousness. 676 $a720 701 $aHendrix$b John$0899828 701 $aHolm$b Lorens$01567700 801 0$bMiAaPQ 801 1$bMiAaPQ 801 2$bMiAaPQ 906 $aBOOK 912 $a9910798582503321 996 $aArchitecture and the unconscious$93839258 997 $aUNINA